000 01368nam0a2200361 4500
001 RU\NLR\bibl\1678084
005 20250616050531.0
010 _a978-5-91820-020-9
_91000
021 _aRU
_b2010-62726
_94114
035 _a(nilc)RSL-KNO-004719883
035 _a(NLR Aleph) 001669307
090 _a1031192
_c1031192
100 _a20100816d2010 |||y0rusy50 ca
101 0 _arus
102 _aRU
105 _aa |||||||||
200 1 _aЯ - КАМАЗ!
_eчетыре принципа победы
_f[Л. В. Прошак]
210 _aМосква
_cПаблис
_d2010
215 _a88 с.
_cцв. ил., портр.
_d30
_e1 электрон.-опт. диск (DVD-ROM)
225 1 _aКнига проекта Наши победы!
300 _aАвт. указан на 88-й с. текста
601 0 2 _a"КАМАЗ-Мастер", команда
_cНабережные Челны, город; Татария
_92617080
_3RU\NLR\auth\661553640
686 _aЧ517.215.9ралли-рейд4(2Р)930я6
_2rubbk
686 _aО336.54-08я6
_2rubbk
686 _aЧ517.215.4(2)77
700 1 _aПрошак
_bЛ. В.
_gЛюдмила Валерьевна
_4070
801 0 _aRU
_bРГБ
_c20100816
_grcr
801 1 _aRU
_bРГБ
_c20100816
801 2 _aRU
_bNLR
_c20100924
_grcr
830 _aавт. по кн.
942 _cBOOK
980 _aNB